000 00566nam a22001817a 4500
005 20251108164154.0
008 250721s1994 xx 000 0 ara d
082 1 4 _a342.565/زعب
100 1 _aالزعبي، خالد سماره
245 1 0 _aالنظام الإداري في الأردن /
264 1 _aعمان :
_bلجنة تاريخ الأردن،
_c1994.
300 _a68ص.
490 0 _aالكتاب الأم في تاريخ الأردن
_v30
650 1 7 _aالقانون الإداري
650 1 7 _aالأردن
942 _2ddc
_cBK
999 _c5455
_d5455